000
00479nam a2200145Ia 4500
008
100204s9999 xx 000 0 und d
082
_b
20219
100
_a
घाटे निरंजन
245
_a
एकविसावं शतक
260
_b
"मेहता पब्लिशिंग हाऊस , पुणे"
_c
1997 2
300
_a
250
630
_a
एकविसावं शतक
730
_a
एकविसावं शतक
942
_c
BOOK
999
_c
464641
_d
464638